000 01315cam a22003495a 4500
001 15427175
005 20150519145634.0
008 080825s2009 enka frbd 001 0 eng d
020 _a0230551610 (hbk.)
020 _a0230551629 (pbk.)
020 _a9780230551619 (hbk.)
020 _a9780230551626 (pbk.)
040 _aDLC
_cDLC
_dBWKUK
_dBWK
_dUKM
_dYDXCP
_dBWX
_dCDX
_dNLGGC
_dDLC
_dEG-ScBUE
082 0 0 _a302.23
_222
_bBAL
100 1 _aBalnaves, Mark.
_938044
245 1 0 _aMedia theories and approaches :
_ba global perspective /
_cMark Balnaves, Stephanie Hemelryk Donald, Brian Shoesmith.
260 _aHampshire ;
_aNew York :
_bPalgrave Macmillan,
_c2009.
300 _axx, 339 p. :
_bill. ;
_c26 cm.
500 _aGlossary : p. 304-310.
500 _aIndex : p. 335-339.
504 _aBibliography : p. 311-333.
650 7 _aMass media.
_2BUEsh
_99699
651 _2BUEsh
653 _bCOMAME
_cMay2015
655 _vreading book
_934232
700 1 _aDonald, Stephanie.
700 1 _aShoesmith, Brian.
856 4 1 _3Table of contents only
_uhttp://www.loc.gov/catdir/toc/ecip0826/2008037818.html
906 _a7
_bcbc
_corignew
_d1
_eecip
_f20
_gy-gencatlg
942 _2ddc
999 _c19377
_d19349